LEADER 01550nam a2200325 i 4500 001 000000121836 003 CaOOAMICUS 005 20230118150554.0 008 040114s2000 it u000 u ita u 020 $a88-16-40520-1 040 $aSeMil$bita 100 1 $aConti, Adalgisa.$0(OLS)http://semarc/name/50657 245 10$aGentilissimo Sig. dottore :$bquesta è la mia vita. Manicomio 1914 /$cAdalgisa Conti ; a cura di Luciano Della Mea ; con il testo dello spettacolo teatrale "Lola che dilati la camicia" di Marco Baliani ... [et al.]. 264 1$aMilano :$bJaca Book,$c2000. 300 $a156 p. ;$c23 cm. 490 1 $aDi fronte e attraverso ;$v520 490 1 $aI senza-storia 650 4$aPsichiatria.$0(OLS)http://semarc/subject/1543 650 4$aTeatro contemporaneo - Testi.$0(OLS)http://semarc/subject/16044 700 1 $aBaliani, Marco.$0(OLS)http://semarc/name/50658 700 1 $aDella Mea, Luciano,$d<1924-2003>.$0(OLS)http://semarc/name/38651 830 2$aI senza-storia.$0(OLS)http://semarc/title/25915 830 0$aDi fronte e attraverso ;$v520.$0(OLS)http://semarc/title/6486 850 $aSeMil 852 $aSeMil$W1$xVenegono$y1$m3V V 223$j76883$B76883$CSeMilBibl$Z2$F78613 $81 961 $aRecupero: Seminario di Seveso 996 $6020$a88-16-40520-1$9(OLS)http://semarc/number/107434 996 $6245$aGentilissimo Sig. dottore :$bquesta è la mia vita. Manicomio 1914$9(OLS)http://semarc/title/179453 996 $6264$aMilano :$bJaca Book$9(OLS)http://semarc/publisher/29781 LEADER 01267nam a2200301 i 4500 001 000000195235 003 CaOOAMICUS 005 20101206000000.0 008 101206s1795 it u000 u lat u 013 $a173901 026 $at.r, uos- usa- Quea (3) 1795 (R) 040 $aSeMil$bita 245 10$aRubricae generales missalis ambrosiani. 260 $aMediolani :$bApud Joseph Galeatium & filios impressores archiepiscopales,$c1795. 300 $a[2], 60 p. ;$c8°. 500 $aFregio xilogr. sul front. 710 0 $aGaleazzi, Giuseppe, & figli .$0(OLS)http://semarc/name/3014 710 2 $aChiesa Cattolica.$0(OLS)http://semarc/name/987 773 0 $t[Miscellanea.$w()24059 850 $aSeMil 852 $aSeMil$W1$xVenegono$y1$m5A I 4/4 FA$j145804$B145804$CSeMilBibl$Z2$F157347 $8I 852 $aSeMil$W1$xVenegono$y1$m3K II 105 FA$j209790$B223395$CSeMilBibl$Z2$F223395 $8I 910 2 $aSanta Sede. 961 $aRilegato nella Miscellanea 961 $aNon rilegato nella Miscellanea 996 $6245$aRubricae generales missalis ambrosiani$9(OLS)http://semarc/title/281631 996 $6260$aMediolani :$bApud Joseph Galeatium & filios impressores archiepiscopales$9(OLS)http://semarc/publisher/31448